LEADER 01038nam a2200229 i 4500 001 000000180142 003 CaOOAMICUS 005 20090626000000.0 008 090626s1941 it u000 u ita u 013 $a157787 040 $aSeMil$bita 245 10$aNuove note di letteratura biblica e cristiana antica /$cGiovanni Card. Mercati Bibliotecario e Archivista della S. R. Chiesa. 260 $aCittà del Vaticano :$bBiblioteca Apostolica Vaticana,$c1941. 300 $aVI, 160 p., [4] p. di tav. ;$c25 cm. 490 0 $aStudi e testi ;$v95 500 $aContiene : Appendici. 650 4$aLetteratura cristiana - Studi.$0(OLS)http://semarc/subject/13411 830 0$aStudi e testi ;$v95.$0(OLS)http://semarc/title/153 850 $aSeMil 852 $aSeMil$W1$xVenegono$y1$m3C V 129$j130894$B130894$CSeMilBibl$Z2$F142591 $81 996 $6245$aNuove note di letteratura biblica e cristiana antica$9(OLS)http://semarc/title/258680 996 $6260$aCittà del Vaticano :$bBiblioteca Apostolica Vaticana$9(OLS)http://semarc/publisher/29667 LEADER 01269nam a2200265 i 4500 001 000000077700 003 CaOOAMICUS 005 20010713000000.0 008 010713s2001 it u000 u ita u 013 $a48873 020 $a88-10-40560-9 040 $aSeMil$bita 100 1 $aNeri, Marcello <1965- >.$0(OLS)http://semarc/name/38202 245 13$aLa testimonianza in H. U. von Balthasar :$bevento originario di Dio e mediazione storica della fede /$cMarcello Neri. 260 $aBologna :$bEDB,$c2001. 300 $a420 p. ;$c22 cm. 490 0 $aNuovi saggi teologici : collana interconfessionale per la promozione della ricerca teologica ;$v51 600 14$aBalthasar, Hans Urs : von <1905-1988>.$0(OLS)http://semarc/subject/7204 830 0$aNuovi saggi teologici ;$v51.$0(OLS)http://semarc/title/422386 850 $aSeMil 852 $aSeMil$W1$xVenegono$y1$m2LA N 51$j263475$B43852$CSeMilBibl$Z2$F43177 $81 961 $aSottoscrizione: Città Nuova (Agente) 996 $6020$a88-10-40560-9$9(OLS)http://semarc/number/59589 996 $6245$aLa testimonianza in H. U. von Balthasar :$bevento originario di Dio e mediazione storica della fede$9(OLS)http://semarc/title/126232 996 $6260$aBologna :$bEDB$9(OLS)http://semarc/publisher/29669 LEADER 00942nam a2200229 i 4500 001 000000079191 003 CaOOAMICUS 005 20170403000000.0 008 170403s1846 xx u000 u fre u 013 $a51428 040 $aSeMil$bita 100 1 $aVillemain, Abel-François,$d<1790-1870>.$0(OLS)http://semarc/name/11062 245 10$aÉtudes d'histoire moderne /$cpar M. Villemain. 250 $aNouvelle éd. revue, corrigée et augmentée. 260 $aParis :$bDidier,$c1846. 300 $a439 p. ;$c23 cm. 650 4$aStoria moderna.$0(OLS)http://semarc/subject/993 773 0 $aVillemain, Abel-François <1790-1870>$tOeuvres de Villemain.$dParis : Didier, [18-?]-$w()15929 850 $aSeMil 852 $aSeMil$W1$xVenegono$y1$m3S II 127 FA$j44944$B44944$CSeMilBibl$Z2$F46787 $8I 996 $6245$aÉtudes d'histoire moderne$9(OLS)http://semarc/title/403200 996 $6260$aParis :$bDidier$9(OLS)http://semarc/publisher/31728 LEADER 00843nam a2200193 i 4500 001 000000209966 003 CaOOAMICUS 005 20120109000000.0 008 120109s1885 it u000 u fre u 013 $a188758 040 $aSeMil$bita 100 1 $aTacitus, Publius Cornelius ,$c.$0(OLS)http://semarc/name/5210 245 10$aAnnales :$blivres 11.-16. ; suivis du Testament politique d'Auguste. 250 $a2. éd. 300 $a449 p. 773 0 $aTacitus, Publius Cornelius $tOeuvres de Tacite.$dParis : Librairie Hachette et C., 1885-1886 (Paris : Impr. Lahure)$b2. éd.$g2$w()26077 850 $aSeMil 852 $aSeMil$W1$xVenegono$y1$m1X V 64 FA$j160417$B160417$CSeMilBibl$Z2$F171381 $8I 996 $6245$aAnnales :$blivres 11.-16. ; suivis du Testament politique d'Auguste$9(OLS)http://semarc/title/303562